000 01180nam a2200325 i 4500
003 EG-GICUC
005 20260226185230.0
008 251202s1974 fr ||||fr|||| 00| 0 fre d
020 _a2248005881
040 _aEG-GiCUC
_bfre
_cEG-GiCUC
_dEG-GiCUC
_eRda
041 _afre
082 0 4 _221
_a341.1
_bRO. D
092 0 4 _221
099 _aLaw1 11 341.1 RO. D 1974
100 1 _aRousseau, Charles,
_d1902-1993,
_eAuteur
245 1 0 _aDroit international public .
_nTOME II :
_pLes sujets de droit /
_cCharles Rousseau.
264 1 _aParis :
_bSirey,
_c1974.
300 _a797 page ;
_c24 cm.
336 _2rda contenu
_a texte
337 _2rda medias
_aOrdinateur
338 _2 transporteur rda
_a Ressource en ligne
500 _aLes éditions publiées en 1958 et 1961 ont pour titre : Droit international public approfondi.
504 _aComprend des références bibliographiques. Comprend une bibliographie.
546 _aTexte en français
650 1 4 _aCommunauté internationale
_xDroit international public
_2qrmak
651 1 _2qrmak
856 4 0 _uhttps://fll.law.cu.edu.eg/fulltext/bks/B11-05684.pdf
905 _a75
_eHassnaa
942 _2ddc
_n0
_cBK
_e21
999 _c47972
_d47972